00596nam a2200205 i 4500001000400000100002100004245006000025260003100085300003000116490004400146504003400190650003300224830003600257020001500293040000800308041000800316044000800324080001700332008004100349bgj1 aERBEN, Johannes.10aDeutsche Syntax :beine Einführung /cJohannes Erben. aBern :bPeter Lang,c1984. a128 s. :bwykr. ;c25 cm. aGermanistische LehrbuchsammlungvBd. 12 aBibliogr. s. 107-115. Indeks. aJęzyk niemieckixgramatyka aGermanistische Lehrbuchsammlung a3261034254 cBPK0 ager aDEU a811.112.2'36 s gw f |000 0 ger